Privileged ideas and state interests (Record no. 29621)

000 -LEADER
fixed length control field 01221pab a2200181 454500
008 - FIXED-LENGTH DATA ELEMENTS--GENERAL INFORMATION
fixed length control field 180718b1995 xxu||||| |||| 00| 0 eng d
100 ## - MAIN ENTRY--PERSONAL NAME
Personal name Klyza, Christopher McGrory
245 ## - TITLE STATEMENT
Title Privileged ideas and state interests
Remainder of title bombs, trees and state autonomy.
260 ## - PUBLICATION, DISTRIBUTION, ETC.
Date of publication, distribution, etc. 1995
300 ## - PHYSICAL DESCRIPTION
Extent p.203-17
362 ## - DATES OF PUBLICATION AND/OR SEQUENTIAL DESIGNATION
Dates of publication and/or sequential designation Summer
520 ## - SUMMARY, ETC.
Summary, etc. "The puzzle that intrigues us is the source of interests that guide the state in instances of state autonomy. We argue that one important source of these interests is ideas: When relative state autonomy exists over long periods of time, there is a strong likelihood of a privileged idea that informs state interests. State actors direct state policy during autonomous periods by adopting and privileging particular ideas (institutionalization), resulting in policy outcomes reflecting these now privileged ideas. This argument is examined in two case studies: nuclear weapons targeting since World War II, guided by counterforce, and federal public lands forestry policy since 1900, guided by technocratic utilitarianism"
650 ## - SUBJECT ADDED ENTRY--TOPICAL TERM
Topical term or geographic name entry element Autonomy - United States
650 ## - SUBJECT ADDED ENTRY--TOPICAL TERM
Topical term or geographic name entry element Public interest - United States
700 ## - ADDED ENTRY--PERSONAL NAME
Personal name Mlyn, Eric
773 ## - HOST ITEM ENTRY
Main entry heading Policy Studies Journal
909 ## -
-- 29621
Holdings
Withdrawn status Lost status Damaged status Not for loan Permanent Location Current Location Date acquired Serial Enumeration / chronology Barcode Date last seen Price effective from Koha item type
        Indian Institute of Public Administration Indian Institute of Public Administration 2018-07-19 Volume no: 23, Issue no: 2 AR29761 2018-07-19 2018-07-19 Articles

Powered by Koha